书目信息 |
| 题名: |
与傅聪谈音乐(修订本)
|
|
| 作者: | 艾雨 编 | |
| 分册: | ||
| 出版信息: | 北京 生活·读书·新知三联书店 1997.12 |
|
| 页数: | 133页 | |
| 开本: | 32开 | |
| 丛书名: | ||
| 单 册: | ||
| 中图分类: | J6-49 | |
| 科图分类: | ||
| 主题词: | 音乐 | |
| 电子资源: | ||
| ISBN: | 7-108-00456-9 | |
| 000 | 00553nam0 2200193 45 | |
| 001 | 0103281026 | |
| 005 | 20010328100222.2 | |
| 010 | @a7-108-00456-9@d7.20元 | |
| 100 | @a20010328d1997 km y0chiy0120 ea | |
| 101 | 0 | @achi |
| 105 | @a z 000yy | |
| 200 | 1 | @a与傅聪谈音乐(修订本)@AYu Fu Cong Tan Yin Yue(Xiu Ding Ben)@f艾雨编@FAi Yu Bian |
| 210 | @a北京@c生活·读书·新知三联书店@d1997.12 | |
| 215 | @a133页@d32开 | |
| 606 | 0 | @a音乐 |
| 690 | @aJ6-49@v3 | |
| 701 | 0 | @a艾雨@4编 |
| 801 | @aCN@bPftUser@c20010328 | |
| 905 | @b333524-525@dJ6-49@eA.799=2@f2 | |
| 与傅聪谈音乐(修订本)/艾雨编.-北京:生活·读书·新知三联书店,1997.12 |
| 133页;32开 |
| ISBN 7-108-00456-9:7.20元 |
| ● |
| 相关链接 |
|
|
|
正题名:与傅聪谈音乐(修订本)
索取号:J6-49/A.799=2
 
预约/预借
| 序号 | 登录号 | 条形码 | 馆藏地/架位号 | 状态 | 备注 |
| 1 | 333524 | 203335248 | 社科库309/ [索取号:J6-49/A.799=2] | 在馆 | |
| 2 | 333525 | 203335257 | 社科库309/309社科库 90排4列2层/ [索取号:J6-49/A.799=2] | 在馆 |